| 000 | 00661nam a22001937a 4500 | ||
|---|---|---|---|
| 005 | 20251108172104.0 | ||
| 008 | 250721s1994 xx 000 0 ara d | ||
| 082 | 1 | 4 | _a595.7/إبر |
| 100 | 1 | _aعيسى، إبراهيم سليمان | |
| 245 | 1 | 0 |
_aنحل العسل : _bدراسة عن السلوك و الإنتاج و رعاية المناحل / |
| 264 | 1 |
_aالقاهرة : _bالدار العربية للنشر و التوزيع، _c1994. |
|
| 300 | _a368ص | ||
| 650 | 1 | 7 | _aالحشرات |
| 650 | 1 | 7 | _aالنحل |
| 650 | 1 | 7 | _aالعسل |
| 700 | 1 | _aالخولي، عبد المنعم سليمان علي | |
| 942 |
_2ddc _cBK |
||
| 999 |
_c70160 _d70160 |
||